The Development Factory : (Record no. 614020)

MARC details
000 -LEADER
fixed length control field 00462nam a2200181 a 4500
008 - FIXED-LENGTH DATA ELEMENTS--GENERAL INFORMATION
fixed length control field 260220s1997##################000#0#eng##
020 ## - INTERNATIONAL STANDARD BOOK NUMBER
ISBN 9780875846507
082 04 - DEWEY DECIMAL CLASSIFICATION NUMBER
Classification number 338.064
Item number PIS
100 1# - MAIN ENTRY--AUTHOR NAME
Personal name Pisano, Gary P.,
245 10 - TITLE STATEMENT
Title The Development Factory :
260 ## - PUBLICATION, DISTRIBUTION, ETC. (IMPRINT)
Year of publication 1997.
650 #0 - SUBJECT ADDED ENTRY--TOPICAL TERM
Topical Term Business & Economics.
942 ## - ADDED ENTRY ELEMENTS (KOHA)
Koha item type English Books
Holdings
Withdrawn status Lost status Damaged status Not for loan Home library Current library Shelving location Date acquired Full call number Accession Number Price effective from Koha item type
        Anna Centenary Library Anna Centenary Library 4TH FLOOR, A WING 20.02.2026 338.064 PIS 504337 20.02.2026 English Books

Find us on the map